Centroamérica: casa común e integración regional/
El libro consiste en una compilación trabajos que tratan los temas: Los debates fundamentales sobre la unión política regional de Centroamérica, la génesis y la evolución del mercado común centroamericano, el derecho comunitario actual y su desarrollo jurisprudencial, la integración formal, real y d...
Uloženo v:
| Další autoři: | , |
|---|---|
| Médium: | Kniha |
| Jazyk: | Spanish |
| Vydáno: |
San José, Costa Rica:
Universidad Nacional de Costa Rica; CSUCA,
2014
|
| Témata: | |
| Tagy: |
Přidat tag
Žádné tagy, Buďte první, kdo vytvoří štítek k tomuto záznamu!
|
MARC
| LEADER | 00000nam a22000007a 4500 | ||
|---|---|---|---|
| 003 | cru CIDCACS/IIS | ||
| 005 | 20230321105014.0 | ||
| 007 | ta | ||
| 008 | 180322t2014 cr |||||r|||||||| ||spa|d | ||
| 020 | |a 9789968930536 | ||
| 040 | |c cru CIDCACS/IIS | ||
| 090 | |a 01.02.01 S718c | ||
| 100 | 1 | |9 658 |a Soto Acosta, Willy |e editor | |
| 245 | 1 | |a Centroamérica: |b casa común e integración regional/ |c Willy Soto Acosta, Max Sáurez Ulloa, editores | |
| 260 | |a San José, Costa Rica: |b Universidad Nacional de Costa Rica; |b CSUCA, |c 2014 | ||
| 300 | |a 284 páginas: |b tablas, gráficos | ||
| 520 | 3 | |a El libro consiste en una compilación trabajos que tratan los temas: Los debates fundamentales sobre la unión política regional de Centroamérica, la génesis y la evolución del mercado común centroamericano, el derecho comunitario actual y su desarrollo jurisprudencial, la integración formal, real y de las sociedades civiles en Centroamérica, los regímenes internacionales en las fronteras de Centroamérica como factores potencializadores de la cooperación e integración regional. | |
| 650 | 0 | 0 | |9 676 |a GEOPOLITICA |
| 650 | 0 | 4 | |9 3216 |a INTEGRACION POLITICA |
| 650 | 0 | 0 | |9 3294 |a DESARROLLO |
| 650 | 0 | 4 | |9 2645 |a COOPERACION INTERNACIONAL |
| 651 | 0 | |9 308 |a CENTROAMERICA | |
| 700 | 1 | |a Sáurez Ulloa, Max |e editor |9 6831 | |
| 942 | |2 ddc |c LI | ||
| 999 | |c 41178 |d 41178 | ||



